000 01220nam a2200349 i 4500
001 13657
003 KOSZ 005
005 20230220090835.0
008 070828s1971 pl f f 001 0 pol
015 _aPB 1971/1783
040 _aWA N
_cWA N
_dKOSZ 005/RW
_dKOSZ 005/HR
046 _k1971
080 _a351.83(438)
080 _a37.018.4(438)
100 1 _aTrandziuk, Stanisław
_d(?-2002)
_eAutor
245 1 0 _aUprawnienia uczących się pracowników /
_cStanisław Trandziuk.
250 _aWydanie 2 uzupełnione i poprawione.
260 _aWarszawa :
_bWydawnictwo Związkowe CRZZ,
_c1971.
300 _a115, [1] stron ;
_c18 cm.
336 _aTekst
_btxt
_2rdacontrol
337 _aBez urządzenia pośredniczącego
_bn
_2rdamedia
338 _aWolumin
_bnc
_2rdacarrier
380 _aKsiążki.
504 _aBibliografia na stronach 104-[110]. Indeks.
650 4 _aPrawo pracy
650 4 _aSzkolenie zawodowe
651 4 _aPolska
658 _aPrawo i wymiar sprawiedliwości
710 2 _aWydawnictwo Związkowe CRZZ
_4pbl.
856 _uhttp://koha.tu.koszalin.pl/cgi-bin/koha/opac-detail.pl?biblionumber=13657
_yKatalog online BPK
942 _2UKD
_cKS
999 _c13657
_d13657